Football : Vainqueur de la Serie A - Statistiques

Statistiques générales
  • Ce quiz a été pris 74 fois
    30 depuis la dernière actualisation
  • Le résultat moyen est 86 sur 122
Statistiques - réponses
Année Vainqueur % Correct
1901 | 1906 | 1907 | +16 others AC Milan
95%
1910 | 1920 | 1930 | +18 others Inter Milan
95%
1987 | 1990 | 2023 | 2025 SSC Naples
95%
1905 | 1926 | 1931 | +33 others Juventus FC
77%
1974 | 2000 SS Lazio
77%
1942 | 1983 | 2001 AS Roma
73%
1928 | 1943 | 1946 | +4 others Torino FC
55%
1956 | 1969 ACF Fiorentina
45%
1925 | 1929 | 1936 | +4 others Bologne FC
36%
1970 Cagliari Calcio
36%
1985 Hellas Vérone
36%
1991 UC Sampdoria
32%
1898 | 1899 | 1900 | +6 others Genoa CFC
27%
1908 | 1909 | 1911 | +4 others Pro Vercelli
18%
1914 AS Casale
9%
1922 USD Novese
5%
Aucun quiz correspondant
Distribution des résultats
% des personnes avec chaque résultat
Percentile par nombre de réponses
Votre historique - résultats
Vous n’avez pas pris ce quiz depuis la dernière actualisation